Franchising - moderná forma spolupráce

Kooperácia v maloobchode sa stáva čoraz väčšou nevyhnutnosťou a niekedy aj otázkou prežitia nezávislých malých obchodníkov. Charakteristika a význam franchisingu. Franchising zabezpečuje menšie riziko neúspechu. Začiatky franchisingu na Slovensku. Rozvíjanie systému.

Gespeichert in:
Bibliographische Detailangaben
1. Verfasser: Štensová, Antónia
Format: Buchkapitel
Sprache:Slowakisch
Schlagworte:
Tags: Tag hinzufügen
Keine Tags, Fügen Sie das erste Tag hinzu!

MARC

LEADER 00000naa$a2200000$$$4500
001 0003898
005 20231002114858.5
041 0 |a slo 
044 |a SK 
245 1 0 |a Franchising - moderná forma spolupráce  |c aut. Antónia Štensová 
520 |a Kooperácia v maloobchode sa stáva čoraz väčšou nevyhnutnosťou a niekedy aj otázkou prežitia nezávislých malých obchodníkov. Charakteristika a význam franchisingu. Franchising zabezpečuje menšie riziko neúspechu. Začiatky franchisingu na Slovensku. Rozvíjanie systému. 
610 2 0 |a franchising 
610 2 0 |a maloobchod 
610 2 0 |a kooperácia 
610 2 0 |a riziko obchodné 
610 2 0 |a história 
610 2 0 |a Slovensko 
100 1 |a Štensová, Antónia